Основные проблемы утилизации мусора в России. Современные методы утилизации; Энергетика: эффективность, надежность, безопасность; Т. 2
| Parent link: | Энергетика: эффективность, надежность, безопасность: материалы XXI Всероссийской научно-технической конференции, 2-4 декабря 2015 г., Томск/ Национальный исследовательский Томский политехнический университет (ТПУ) [и др.] ; ред. кол. В. В. Литвак [и др.].— , 2015 Т. 2.— 2015.— [С. 87-89] |
|---|---|
| मुख्य लेखक: | |
| निगमित लेखक: | |
| अन्य लेखक: | |
| सारांश: | Заглавие с титульного экрана |
| भाषा: | रूसी |
| प्रकाशित: |
2015
|
| श्रृंखला: | Экология и защита окружающей среды |
| विषय: | |
| ऑनलाइन पहुंच: | http://earchive.tpu.ru/handle/11683/14816 http://www.lib.tpu.ru/fulltext/c/2015/C15/V2/036.pdf |
| स्वरूप: | इलेक्ट्रोनिक पुस्तक अध्याय |
| KOHA link: | https://koha.lib.tpu.ru/cgi-bin/koha/opac-detail.pl?biblionumber=616592 |
MARC
| LEADER | 00000naa2a2200000 4500 | ||
|---|---|---|---|
| 001 | 616592 | ||
| 005 | 20231101132922.0 | ||
| 035 | |a (RuTPU)RU\TPU\conf\14843 | ||
| 090 | |a 616592 | ||
| 100 | |a 20160113d2015 k y0rusy50 ca | ||
| 101 | 0 | |a rus | |
| 102 | |a RU | ||
| 105 | |a y z 101zy | ||
| 135 | |a drgn ---uucaa | ||
| 181 | 0 | |a i | |
| 182 | 0 | |a b | |
| 200 | 1 | |a Основные проблемы утилизации мусора в России. Современные методы утилизации |f А. К. Курманбай, Ш. С. Нозирзода | |
| 203 | |a Текст |c электронный | ||
| 225 | 1 | |a Экология и защита окружающей среды | |
| 230 | |a 1 компьютерный файл (pdf; 278 Kb) | ||
| 300 | |a Заглавие с титульного экрана | ||
| 320 | |a [Библиогр.: с. 89 (4 назв.)] | ||
| 337 | |a Adobe Reader | ||
| 461 | 1 | |0 (RuTPU)RU\TPU\conf\14426 |t Энергетика: эффективность, надежность, безопасность |o материалы XXI Всероссийской научно-технической конференции, 2-4 декабря 2015 г., Томск |o в 2 т. |f Национальный исследовательский Томский политехнический университет (ТПУ) [и др.] ; ред. кол. В. В. Литвак [и др.] |d 2015 | |
| 463 | 0 | |0 (RuTPU)RU\TPU\conf\14434 |t Т. 2 |v [С. 87-89] |d 2015 | |
| 610 | 1 | |a труды учёных ТПУ | |
| 610 | 1 | |a электронный ресурс | |
| 610 | 1 | |a утилизация | |
| 610 | 1 | |a мусор | |
| 610 | 1 | |a Россия | |
| 610 | 1 | |a современные методы | |
| 700 | 1 | |a Курманбай |b А. К. | |
| 701 | 1 | |a Нозирзода |b Ш. С. | |
| 712 | 0 | 2 | |a Национальный исследовательский Томский политехнический университет (ТПУ) |b Юргинский технологический институт (ЮТИ) |c (2009- ) |h 349 |2 stltpush |3 (RuTPU)RU\TPU\col\15903 |
| 801 | 2 | |a RU |b 63413507 |c 20210127 |g RCR | |
| 856 | 4 | |u http://earchive.tpu.ru/handle/11683/14816 | |
| 856 | 4 | |u http://www.lib.tpu.ru/fulltext/c/2015/C15/V2/036.pdf | |
| 942 | |c BK | ||